00436nam a2200145Ia 4500082001200000100003200012245008700044260002900131300001300160650001600173650004600189650001700235650002200252710001600274 aTB.0031 aBhatt, Mahendrika Chandulal 0aAdaptation of the Wechsler Intelligence Scale for Children for Gujarati Population c1970bGujarat University a387. 2V. aChild study aWelchsler intelligence scale for children aWisc subtest aIntelligence test aDesai, K.G.